000 00635cam a2200145 4500500
005 20251228082905.0
041 _afre
042 _adc
100 1 0 _aDoiron, Normand
_eauthor
245 0 0 _aSophie Linon-Chipon, Gallia orientalis. Voyages aux Indes orientales, 1529-1722. Poétique et imaginaire d’un genre littéraire en formation, Presses de l’Université de Paris-Sorbonne, 2003, 691 p.
260 _c2005.
500 _a60
786 0 _nDix-septième siècle | 228 | 3 | 2005-09-01 | p. 563c-574c | 0012-4273
856 4 1 _uhttps://shs.cairn.info/revue-dix-septieme-siecle-2005-3-page-563c?lang=fr&redirect-ssocas=7080
999 _c1600021
_d1600021